00511nam a22001697a 450000500170000001000150001702000260003203500150005803700090007308200110008224500420009325000060013526000410014127000880018230000190027050000520028920260116121314.0 aENG-147510 a9789367131008c699.00 aEN-1310042 bDBAD a00021 aComplete Companion to Banking English a1 aNoidabPearson India Educationc2026 a15th Floor, Towe-B, World Trade Tower, Plot No.1, Block-C, Sector-16bNoidae201301 avpp.c25cm(pb) aUseful for RBI, SBI, IBPS, RRBs and other Exams